Statistics for Country Chain

Click here to take the quiz!

General Stats

  • This quiz has been taken 156,734 times
  • The average score is 15 of 20

Answer Stats

HintCountry% Correct
The land down underAustralia
95%
Greenland is part of this countryDenmark
90%
Country on the NileEgypt
87%
Himalayan countryNepal
86%
Place to find fjordsNorway
84%
Country in IndochinaLaos
77%
Guyana neighborSuriname
77%
Borders the Red and Arabian SeasYemen
77%
Where wood shoes are celebratedNetherlands
76%
Saddam tried to conquer itKuwait
74%
Birthplace of the Red CrossSwitzerland
74%
Only country starting with this letterOman
73%
Neighbor of BeninTogo
73%
Tiny country in Oceania, population 11,000Tuvalu
70%
Where hills are alive with the sound of musicAustria
68%
The Galapagos are part of this countryEcuador
66%
1994 genocide localeRwanda
66%
Its name is Latin for "silvery"Argentina
64%
Place to eat borschtUkraine
63%
#1 country for poppy productionAfghanistan
58%

Score Distribution

Percentile by Number Answered

Percent of People with Each Score

Your Score History

You have not taken this quiz